00446nam a22001577a 450000500170000000800410001702000150005804100130007308200150008610000250010124500340012625000200016026000490018030000330022965000260026220240209075135.0240209b |||||||| |||| 00| 0 eng d a0702104329 aEnglish  a346.7 CAN  aCaney, LR lEnglish  aLaw of Novation : cLR Caney  aSecond Edition  aCape Town : bJuta and Company Ltd, c1973  bxxiii, 112 pages ; c22 cm.  aLegal practice bLaw